000 00292nam a22001337a 4500
008 170911b xxu||||| |||| 00| 0 eng d
020 _a9780321751218
041 _aeng
080 _213TH
_a53
100 _a43
101 _aFIZ
245 _aUNIVERISTY PHYSICS
_cYOUNG,H,D
942 _2udc
_cBK
999 _c27180
_d27180